Tous les tomes de La Cabane Magique - Statistiques

Statistiques générales
  • Ce quiz a été pris 8 fois
  • Le résultat moyen est 8 sur 56
Statistiques - réponses
La Cabane Magique % Correct
Coupe du monde à Mexico
67%
La vallée des dinosaures
67%
Le voyage sur la Lune
67%
A la recherche de l'Epée de Lumière
33%
Au royaume du Roi Arthur
33%
Au secours de la licorne
33%
Carnaval à Venise
33%
En vacances chez les Mayas
33%
La flûte enchantée
33%
Le Dragon de feu
33%
Le dragon du mont Fuji
33%
Le jeune chanteur de jazz
33%
Le mystérieux chevalier
33%
Le secret de la pyramide
33%
Le sorcier de la préhistoire
33%
Les petits ramoneurs de Londres
33%
Le trésor des pirates
33%
Panique à Pompéi
33%
Rendez-vous avec le président Lincoln
33%
Sur le fleuve Amazone
33%
Alexandre et l'indomptable cheval
0%
Au pays des farfadets
0%
Au secours des kangourous
0%
Camping périlleux à la belle étoile
0%
Chiens de traîneau en Alaska
0%
Course de chars à Olympie
0%
Danger sur la banquise
0%
Dans la gueule des lions
0%
Drôles de rencontres en Amérique
0%
Espions dans la légion
0%
Gare aux gorilles!
0%
Grosses vagues à Hawai
0%
Houdini le magicien
0%
Infiltrés dans la Cité secrète
0%
L'attaque des Vikings
0%
Le chien des neiges
0%
L'empereur des manchots
0%
Le Roi du baseball
0%
Les chevaux de la ville fantôme
0%
Les dernières heures du Titanic
0%
Le secret de Léonard de Vinci
0%
Les mystères du château hanté
0%
Le terrible empereur de Chine
0%
L'étrange palais de glace
0%
Mission sur le Nil
0%
Narval en détresse
0%
Ouragan au Texas
0%
Pièges dans la jungle
0%
Rencontres en haut de la tour Eiffel
0%
Sauvés par les dauphins
0%
Sur la piste des Indiens
0%
Sur scène!
0%
Tempête de sable
0%
Un cadeau extraordinaire
0%
Un monstre sous les mers
0%
Un refuge pour les pandas
0%
Aucun quiz correspondant
Distribution des résultats
% des personnes avec chaque résultat
Percentile par nombre de réponses
Votre historique - résultats
Vous n’avez pas pris ce quiz